000 00691nam a2200169 a 4500
001 000040110
005 20201002033925.0
008 130807s1973 sp abc 000 0 spa d
040 _aDO-SdBNP
_bspa
_cBNPHU
041 1 7 _aspa.
_hfre
100 1 _aMetraux, Alfred
_d1902-1963.
_966375
245 1 0 _aReligión y magias indegenas de América del sur /
_cAlfred Metraux ; edición póstuma establecida por Simone Dreyfus ; traducción del francés por Miguel Rivera Dorado.
260 _aMadrid :
_bAguilar Ediciones,
_c1973.
300 _aaXVIII,265 p. :
_bil., mapas. retrs. ;
_c25 cm.
500 _aIncluye referencias bibliográficas y notas al pie de las páginas
504 _aBibliografia : p.
999 _c39600
_d39600